000 00541nam a22001817a 4500
005 20251108172535.0
008 250721s2000 xx 000 0 ara d
082 1 4 _a709.02/طاه
100 1 _aطاهر، كاظم شهمود
245 1 0 _aالأندلس والفن الإسلامي /
264 1 _aعمان :
_bدار أزمنة للنشر،
_c2000.
300 _a95 ص.
650 1 7 _aالفنون الإسلامية
650 1 7 _aالعمارة الإسلامية
650 1 7 _aالأندلس
942 _2ddc
_cBK
999 _c82010
_d82010